| 000 | 00804nmc a2200277 a 4500 | ||
|---|---|---|---|
| 003 | AR-BaBNM | ||
| 005 | 20251128204202.0 | ||
| 008 | 041020s1984 ||||||||||||||000 | spa|| | ||
| 020 | _a84-206-8992-0 | ||
| 040 | _cAR-BaBNM | ||
| 100 | 1 | _aHierro S. Pescador, José | |
| 245 | 1 | 0 |
_aPrincipios de filosofía del lenguaje _bteoría de los signos, teoría de la gramática y epistemología del lenguaje |
| 260 |
_aMadrid _bAlianza Editorial _c1984 |
||
| 300 | 0 |
_a183 p. _bgráfs. |
|
| 490 | 0 |
_aAlianza Universidad Textos _vv. 106 |
|
| 504 | _aContiene bibliografía | ||
| 650 | 4 | _aTEORIA LINGUISTICA | |
| 650 | 4 | _aSEMIOLOGIA | |
| 650 | 4 | _aSIGNOS | |
| 650 | 4 | _aGRAMATICA | |
| 650 | 4 | _aEPISTEMOLOGIA | |
| 650 | 4 | _aDESARROLLO DEL LENGUAJE | |
| 650 | 4 | _aFILOLOGIA | |
| 942 | _cBK | ||
| 998 | _cGrace | ||
| 999 |
_c6516 _d6516 |
||